Handbook of Decision Analysis (Record no. 23765)
[ view plain ]
| 000 -LEADER | |
|---|---|
| fixed length control field | 00345nam a22001217a 4500 |
| 008 - FIXED-LENGTH DATA ELEMENTS--GENERAL INFORMATION | |
| fixed length control field | 140106b xxu||||| |||| 00| 0 eng d |
| 010 ## - LIBRARY OF CONGRESS CONTROL NUMBER | |
| LC control number | 2012032884 |
| 020 ## - INTERNATIONAL STANDARD BOOK NUMBER | |
| International Standard Book Number | 978111817313 |
| Terms of availability | Available |
| 082 ## - DEWEY DECIMAL CLASSIFICATION NUMBER | |
| Classification number | 658.403PAR |
| Author Mark | 002484 |
| 100 ## - MAIN ENTRY--PERSONAL NAME | |
| Miscellaneous information | HB,396p |
| 245 ## - TITLE STATEMENT | |
| Title | Handbook of Decision Analysis |
| Statement of responsibility, etc. | Parnell Gregory S |
| 260 ## - PUBLICATION, DISTRIBUTION, ETC. | |
| Place of publication, distribution, etc. | Canada |
| Name of publisher, distributor, etc. | Johan Wiley & Sons |
| Date of publication, distribution, etc. | 2013 |
| Withdrawn status | Lost status | Source of classification or shelving scheme | Damaged status | Not for loan | Permanent Location | Current Location | Shelving location | Date acquired | Total Checkouts | Full call number | Barcode | Date last seen | Date last checked out | Price effective from | Koha item type |
|---|---|---|---|---|---|---|---|---|---|---|---|---|---|---|---|
| School of Interdisciplinary Engineering and Sciences (SINES) | School of Interdisciplinary Engineering and Sciences (SINES) | General Stacks | 01/06/2014 | 1 | 658.403PAR | RCMS002484 | 03/01/2019 | 02/04/2019 | 01/06/2014 | Book |
